| 000 | 01057nam a2200241 a 4500 | ||
|---|---|---|---|
| 001 | 000015943 | ||
| 005 | 20200929164218.0 | ||
| 008 | 100222s2005 dr 000 0 spa d | ||
| 020 | _a9993497878 | ||
| 040 |
_aDO-SdBNP _bspa _cBNPHU |
||
| 082 |
_a345.05 _bS471i |
||
| 111 | 2 |
_aSeminario para la implementación del código procesal penal _n(3a : _d2005 : _cSanto domingo) _935828 |
|
| 245 | 1 | 0 |
_aIII seminario para la implementación del nuevo código procesal penal / _ccompilador Claudio Aníbal Medrano, Rafael A. De Jesús Cabral. |
| 246 | 1 | 2 | _aTercer seminario para la implementación del nuevo código procesal penal. |
| 260 |
_aSanto Domingo : _bEscuela Nacional de la Judicatura, _c2005. |
||
| 300 |
_a196 p. ; _c28 cm. |
||
| 500 | _aIncluye notas al pie de páginas | ||
| 650 | 4 |
_aDerecho penal _xLegislación _zRepública Dominicana _916570 |
|
| 650 | 4 |
_aProcedimiento penal _zRepública Dominicana _914474 |
|
| 700 | 1 |
_aMedrano, Claudio Aníbal _ecomp. _935829 |
|
| 700 | 1 |
_aDe Jesús Cabral, Rafael A. _ecomp. _935830 |
|
| 999 |
_a1 _n0000184 _c15485 _d15485 |
||
| 049 | _aBNPD | ||